Southville International School and Colleges
Your cart is empty.
  • Cart
  • Lists
    Public lists Eva Luna New books Lux_list list_1
    Your lists Log in to create your own lists
  • Log in to your account
  • Your cookies
  • Search history
Southville International School and Colleges
  • Advanced search
  • Recent comments
  • Most popular
  • Libraries

Log in to your account

Log in with GOOGLE


If you do not have an external account, but do have a local account, you can still log in:

  1. Home
  2. MARC view: Mastering modern supply chains for tourism and hospitality industry.
Normal view MARC view ISBD view

Mastering modern supply chains for tourism and hospitality industry. (Record no. 367268)

[ view plain ]
MARC details
000 -LEADER
fixed length control field 00744nam a22002177a 4500
003 - CONTROL NUMBER IDENTIFIER
control field 0
005 - DATE AND TIME OF LATEST TRANSACTION
control field 20250310163204.0
008 - FIXED-LENGTH DATA ELEMENTS--GENERAL INFORMATION
fixed length control field 250301b xxu||||| |||| 00| 0 eng d
020 ## - INTERNATIONAL STANDARD BOOK NUMBER
International Standard Book Number 978-971-9655-87-9
050 ## - LIBRARY OF CONGRESS CALL NUMBER
Classification number HD 38.5
Item number .M37 2024
100 ## - MAIN ENTRY--PERSONAL NAME
Personal name Maranan, Mario
245 ## - TITLE STATEMENT
Title Mastering modern supply chains for tourism and hospitality industry.
Statement of responsibility, etc Mario H. Maranan and two others.
260 ## - PUBLICATION, DISTRIBUTION, ETC. (IMPRINT)
Place of publication, distribution, etc Intramuros, Manila
Name of publisher, distributor, etc Mindshapers Co., Inc
Date of publication, distribution, etc 2024
300 ## - PHYSICAL DESCRIPTION
Extent vi, 194 pages;
Dimensions 23cm.
504 ## - BIBLIOGRAPHY, ETC. NOTE
Bibliography, etc Includes bibliographical references.
650 ## - SUBJECT ADDED ENTRY--TOPICAL TERM
Topical term or geographic name as entry element Supply Chain Management--Tourism Industry.
650 ## - SUBJECT ADDED ENTRY--TOPICAL TERM
Topical term or geographic name as entry element Supply Chain Management--Hospitality Industry.
700 ## - ADDED ENTRY--PERSONAL NAME
Personal name Maranan, Jovid Maricar
700 ## - ADDED ENTRY--PERSONAL NAME
Personal name Villamin, Jojo
942 ## - ADDED ENTRY ELEMENTS (KOHA)
Source of classification or shelving scheme Library of Congress Classification
Koha item type Books
Holdings
Withdrawn status Lost status Source of classification or shelving scheme Damaged status Home library Current library Shelving location Date acquired Source of acquisition Sub Shelving location Total Checkouts Full call number Barcode Date last seen Price effective from Koha item type
    Library of Congress Classification   College Library College Library Filipiniana Section 03/01/2025 Library Fund     HD 38.5 .M37 2024 C24288 03/01/2025 03/01/2025 Books

Mastering modern supply chains for tourism and hospitality industry.

APA

Maranan M., Maranan J. M. & Villamin J. (2024). Mastering modern supply chains for tourism and hospitality industry. Intramuros, Manila: Mindshapers Co., Inc.

Chicago

Maranan Mario, Maranan Jovid Maricar and Villamin Jojo. 2024. Mastering modern supply chains for tourism and hospitality industry. Intramuros, Manila: Mindshapers Co., Inc.

Harvard

Maranan M., Maranan J. M. and Villamin J. (2024). Mastering modern supply chains for tourism and hospitality industry. Intramuros, Manila: Mindshapers Co., Inc.

MLA

Maranan Mario, Maranan Jovid Maricar and Villamin Jojo. Mastering modern supply chains for tourism and hospitality industry. Intramuros, Manila: Mindshapers Co., Inc. 2024.

  • Place hold
  • Print
  • Cite
  • Add to your cart (remove)
  • Save record
    BIBTEX Dublin Core MARCXML MARC (non-Unicode/MARC-8) MARC (Unicode/UTF-8) MARC (Unicode/UTF-8, Standard) MODS (XML) RIS
  • More searches
    Search for this title in:
    Other Libraries (WorldCat) Other Databases (Google Scholar) Online Stores (Bookfinder.com) Open Library (openlibrary.org)

Exporting to Dublin Core...

SOUTHVILLE LIBRARY

Southville International School and Colleges Library

1281 Tropical Ave. Cor. Luxembourg St., BF Homes International, Las Pinas City

Tel. No. 8256374 / 252358 Loc. 117/146

Powered by Koha